Návrh riešenia na zníženie fluktuácie v podniku ŽOS Trnava, a.s., Trnava
Salvato in:
| Autore principale: | |
|---|---|
| Altri autori: | |
| Natura: | Manoscritto Libro |
| Lingua: | slovacco inglese |
| Pubblicazione: |
2016
|
| Soggetti: | |
| Accesso online: | http://is.stuba.sk/zp/portal_zp.pl?podrobnosti=118941 |
| Tags: |
Nessun Tag, puoi essere il primo ad aggiungerne!!
|
MARC
| LEADER | 00000ntm a22000003a 4500 | ||
|---|---|---|---|
| 001 | stuzp58422 | ||
| 003 | SK-STU | ||
| 005 | 20160719155547.9 | ||
| 007 | ta | ||
| 008 | 150427s2015----xo-----f-mn---000-0-slo-d | ||
| 040 | |a STU |b slo | ||
| 041 | 0 | |a eng | |
| 100 | 1 | |a Fedičová, Natália |u 064000 |k Z4 |4 aut |U MTF Materiálovotechnologická fakulta |T MTF Ústav priemyselného inžinierstva a manažmentu |X 66402 |U M4000 |Y 84 |7 A000066402 | |
| 242 | 0 | 1 | |a Návrh riešenia na zníženie fluktuácie v podniku ŽOS Trnava, a.s., Trnava |y slo |
| 245 | 1 | 0 | |a Návrh riešenia na zníženie fluktuácie v podniku ŽOS Trnava, a.s., Trnava |
| 260 | |c 2016 | ||
| 650 | 4 | |a fluktuácia |2 slo | |
| 650 | 4 | |a osobnosť |2 slo | |
| 650 | 4 | |a motivácia |2 slo | |
| 650 | 4 | |a staff turnover |2 eng | |
| 650 | 4 | |a personality |2 eng | |
| 650 | 4 | |a motivation |2 eng | |
| 700 | 1 | |a Holeček, Jaroslav |u 064000 |k Z8 |4 ths |U MTF Materiálovotechnologická fakulta |T MTF Ústav priemyselného inžinierstva a manažmentu |X 53298 |U M4000 |Y 84 |7 A000053298 | |
| 856 | 4 | |u http://is.stuba.sk/zp/portal_zp.pl?podrobnosti=118941 | |
| 996 | |c M* DP-12670 |l MMSKP |s P |a 0 |w stuzp58422_0001 | ||
| SQL | |a stuzp58422 |b DDP |c ENG |d Návrh riešenia na zníženie fluktuácie v podniku ŽOS Trnava, a.s., Trnava |e 66402 |f Fedičová, Natália |g 064000 |h 53298 |i Holeček, Jaroslav |j 20160601 |k 189 |l 06 |m http://is.stuba.sk/zp/portal_zp.pl?podrobnosti=118941 |n I-PMA |o 5.2.52. priemyselné inžinierstvo | ||